| 000 | 00390 a2200109 4500 | ||
|---|---|---|---|
| 001 | ART_12504 | ||
| 005 | 20260410161907.0 | ||
| 008 | 260409a | ||
| 245 | 1 | 0 | _aEstimation of limited dependent variable models by ordinary Least Squares and the method of moments |
| 100 | 1 | _aGreene, William H. | |
| 773 | 0 |
_tJournal of econometrics _g- Vol. 21, NÂș 2 (feb. 1983) _wREV11720 |
|
| 999 |
_c26433 _d26433 |
||